| 000 | 00432nam a2200145 i 4500 | ||
|---|---|---|---|
| 001 | 35266 | ||
| 003 | ES-MaACL | ||
| 005 | 20230906155105.0 | ||
| 007 | t| | ||
| 008 | 030212s1919 sp ||||1| spa d | ||
| 100 | 1 |
_aBorés Romero, José. _930444 |
|
| 245 | 1 | 4 |
_aLos problemas actuales de Obras Públicas / _cJosé Borés Romero. |
| 260 |
_a[Lérida : _bs.n., _c1919] ( _fArtes Gráficas de Sol y Benet) |
||
| 852 |
_aES-MaACL _j1583-F-6 |
||
| 999 |
_c35266 _d35266 |
||